000 00631nam a2200217 a 4500
001 000028413
003 DO-SdBNP
005 20250217091458.0
007 ta
008 110408s2008 dr a 000 0 spa d
040 _aDO-SdBNP
_bspa
_cBNPHU
082 _axxx
_bM385m
100 1 _aMartíne Cabruja, Héctor
_931138
245 1 0 _aMisa criolla dominicana /
_cHéctor Martínez Cabruja
260 _aSanto Domingo :
_b[s.n.]
_c2008.
300 _a40 p. ; :
_bil. partituras ;
_c32 cm.
590 _aInventariado, 2022 / DG
700 1 _a López Rodríguez, Nicolás de Jesús,
_d1936-
_9670
910 _aDG
942 _2ddc
_cLBS1
999 _c52696
_d52696